|
|
|
|
| LEADER |
01543nam a2200361 a 4500 |
| 001 |
000033857 |
| 003 |
CZ BrMZK |
| 005 |
19950413143423.0 |
| 008 |
950313s1995 xr f cze d |
| 020 |
|
|
|a 80-901663-2-6
|
| 040 |
|
|
|a BOA001
|b cze
|
| 080 |
|
|
|a 514.12(076.5)
|2 MRF
|
| 080 |
|
|
|a 514.742.2(076.5)
|2 MRF
|
| 080 |
|
|
|a 512.64(076.5)
|2 MRF
|
| 245 |
0 |
0 |
|a Sbírka příkladů z matematiky I /
|c Josef Daněček...[et al.]
|
| 250 |
|
|
|a 2. opr. vyd.
|
| 260 |
|
|
|a Brno :
|b Akademické nakladatelství CERM,
|c 1995
|
| 300 |
|
|
|a 77 s. ;
|c 30 cm
|
| 490 |
1 |
|
|a Učební texty vysokých škol
|
| 500 |
|
|
|a Určeno pro posl. prvního semestru staveb. fak. VUT v Brně. - Bibliogr.
|
| 653 |
0 |
|
|a analytická geometrie
|a lineární algebra
|a vektorová algebra
|
| 700 |
1 |
|
|a Daněček, Josef,
|d 1946-
|7 mzk2003171539
|
| 830 |
|
0 |
|a Učební texty vysokých škol
|
| 910 |
|
|
|a BOA001
|b TK-A-0257.555
|
| 962 |
|
|
|a 512.6
|
| 962 |
|
|
|a 514.1
|
| 962 |
|
|
|a 514.7
|
| 990 |
|
|
|a BK
|
| 996 |
7 |
|
|b 2620001773
|c TK-A-0257.555
|l MZK
|r Sklad / do 24 hodin
|n 8
|p kup
|w 000033857
|u 000010
|a 1
|e BOA001
|j MZK50
|s A
|
| 996 |
7 |
|
|b 2620001774
|c TK-A-0257.555
|l MZK
|r Sklad / do 24 hodin
|n 7
|p kup
|w 000033857
|u 000020
|a 1
|e BOA001
|j MZK50
|s A
|
| 996 |
7 |
|
|b 2620001775
|c TK-A-0257.555
|l MZK
|r Sklad / do 24 hodin
|n 6
|p kup
|w 000033857
|u 000030
|a 1
|e BOA001
|j MZK50
|s A
|
| 996 |
7 |
|
|b 2620001776
|c TK-A-0257.555
|l MZK
|r Sklad / do 24 hodin
|n 7
|p kup
|w 000033857
|u 000040
|a 1
|e BOA001
|j MZK50
|s A
|
| 996 |
7 |
|
|b 2620001777
|c TK-A-0257.555
|l MZK
|r Sklad / do 24 hodin
|n 5
|p kup
|w 000033857
|u 000050
|a 1
|e BOA001
|j MZK50
|s A
|